Marc et Mark célèbres - Statistiques

Statistiques générales
  • Ce quiz a été pris 495 fois
  • Le résultat moyen est 6 sur 10
Statistiques - réponses
Descriptif Réponse % Correct
Chanteur français reconnu pour les œuvres Elle a les yeux revolver ou encore J'ai tout oublié. Lavoine
97%
Principal cofondateur du site et réseau social Facebook. Zuckerberg
87%
Empereur Romain de 161 à 180. C'est aussi un philosophe stoïcien et écrivain, dernier des "cinq bons empereurs". Aurèle
65%
Écrivain américain auteur des ouvrages Les Aventures de Tom Sawyer et Les Aventures de Huckleberry Finn. Twain
61%
Consul en compagnie de Jules César en -44, il est membre du second triumvirat en compagnie d'Auguste et Lépide de -43 à -32. Il devient conjoint de Cléopâtre, et se suicide en -30 à Alexandrie à ses côtés après avoir perdu la guerre contre Auguste. Antoine
60%
Ayant joué dans Eternal Sunshine of the Spotless Mind ou Shutter Island, cet acteur américain incarne le personnage Hulk dans l'univers Marvel. Ruffalo
48%
Cycliste anglais champion du monde sur route en 2011 et recordman devant Eddy Merckx du plus grand nombre de victoires sur le Tour de France. Cavendish
44%
Peintre et graveur franco-russe, notamment célèbre pour ses nombreux vitraux ainsi que la coupole de l'Opéra Garnier. Chagall
43%
Pilote de vitesse moto espagnol 6 fois champion du monde de MotoGP. Márquez
36%
Premier ministre des Pays-Bas de 2010 à 2023. Rutte
10%
Aucun quiz correspondant
Distribution des résultats
% des personnes avec chaque résultat
Percentile par nombre de réponses
Votre historique - résultats
Vous n’avez pas pris ce quiz